[Event "European Blitz 2017"]
[Site "Katowice POL"]
[Date "2017.12.15"]
[Round "1.93"]
[White "Wojdak, Jan"]
[Black "Polivanov, Anatoliy"]
[Result "0-1"]
[BlackTitle "IM"]
[WhiteElo "1690"]
[BlackElo "2383"]
[WhiteFideId "21817111"]
[BlackFideId "14109468"]
[EventDate "2017.12.15"]
[EventType "swiss"]

1. d4 d5 2. c4 e6 3. Nc3 Nf6 4. cxd5 exd5 5. Bg5 Be7 6. e3 c6 7. Bd3 O-O 8. Qc2
Nbd7 9. Nge2 Re8 10. h3 Nf8 11. g4 h6 12. Bh4 Ne4 13. Bxe7 Qxe7 14. Bxe4 dxe4
15. Ng3 Qh4 16. Ncxe4 Qd8 17. O-O-O Be6 18. Nc5 Qa5 19. a3 b6 20. Nxe6 Nxe6 21.
Nf5 c5 22. d5 Ng5 23. d6 Rad8 24. Ne7+ Kh8 25. Nc6 Qb5 26. Nxd8 Rxd8 27. Kb1 Ne6
28. f4 Qc6 29. f5 Ng5 30. h4 Nf3 31. g5 Ne5 32. gxh6 Rxd6 33. hxg7+ Kg8 34. Rxd6
Qxh1+ 35. Rd1 Qc6 36. e4 Kxg7 37. Qg2+ Kf8 38. Rd5 Nc4 39. Qg5 Nd6 40. Qf6 Qxd5
41. exd5 Ne4 42. Qd8+ Kg7 43. d6 Nd2+ 44. Kc2 Ne4 45. d7 Nf6 46. Qxf6+ Kxf6 47.
d8=Q+ Kxf5 48. h5 f6 49. h6 Kg6 50. Qf8 a5 51. Qg7+ Kf5 52. h7 c4 53. h8=Q a4
54. Qxf6+ Ke4 55. Qhh4+ Ke3 56. Qfd4+ Ke2 57. Qhf2# 0-1

[Event "European Blitz 2017"]
[Site "Katowice POL"]
[Date "2017.12.15"]
[Round "1.94"]
[White "Jahncke, Giso"]
[Black "Kus, Aleksander"]
[Result "0-1"]
[WhiteTitle "FM"]
[WhiteElo "2403"]
[BlackElo "2154"]
[WhiteFideId "24608289"]
[BlackFideId "1198963"]
[EventDate "2017.12.15"]
[EventType "swiss"]

1. e4 d5 2. exd5 Nf6 3. d4 Bg4 4. Be2 Bxe2 5. Nxe2 Qxd5 6. O-O e6 7. b3 Be7 8.
Bb2 O-O 9. c4 Qd8 10. Nbc3 c6 11. Qc2 Nbd7 12. Rad1 Qa5 13. a3 Rac8 14. b4 Qh5
15. Nf4 Qh4 16. Nd3 Nb6 17. Ne2 Nbd7 18. Ne5 Rfd8 19. h3 Nxe5 20. dxe5 Nd7 21.
f4 Nb6 22. Kh2 Qh5 23. Ng3 Qg6 24. Qe2 Na4 25. Ba1 a6 26. Ne4 b5 27. c5 Rd5 28.
Nc3 Nxc3 29. Bxc3 Rcd8 30. Rxd5 Rxd5 31. Rd1 Qf5 32. Rxd5 exd5 33. Qe3 h5 34.
Bd4 h4 35. Qf3 g6 36. Kg1 Qb1+ 37. Kh2 Qa2 38. Qg4 Qd2 39. Ba1 Qe1 40. Bb2 Qe4
41. Qf3 Qxf3 42. gxf3 Kf8 43. Kg2 Ke8 44. Kf2 Kd7 45. Ke3 Ke6 46. Bc1 Kf5 47.
Bb2 Bf8 48. Bc1 Bh6 49. Kd4 Bxf4 0-1

[Event "European Blitz 2017"]
[Site "Katowice POL"]
[Date "2017.12.15"]
[Round "1.95"]
[White "Wojkowski, Mariusz"]
[Black "Sieciechowicz, Marcin"]
[Result "1-0"]
[BlackTitle "IM"]
[WhiteElo "1661"]
[BlackElo "2387"]
[WhiteFideId "21800278"]
[BlackFideId "1130170"]
[EventDate "2017.12.15"]
[EventType "swiss"]

1. d4 d5 2. Bg5 h6 3. Bh4 Nd7 4. e3 Ngf6 5. c4 c6 6. cxd5 cxd5 7. Nc3 e6 8. Bd3
Bd6 9. Nf3 a6 10. O-O O-O 11. Rc1 b5 12. a4 b4 13. Nb1 Bb7 14. Nbd2 Qb6 15. Nb3
a5 16. Qe2 Rac8 17. Bb5 Rc7 18. Rxc7 Qxc7 19. Rc1 Qb6 20. Ne1 Rc8 21. Rxc8+ Bxc8
22. Nd3 Ba6 23. Bxa6 Qxa6 24. Qc2 Qb6 25. Bxf6 Nxf6 26. Qc8+ Kh7 27. Ndc5 Qc7
28. Qxc7 Bxc7 29. Nb7 Ne4 30. f3 Nd6 31. Nxd6 Bxd6 32. Nxa5 Kg8 33. Nc6 Kf8 34.
a5 Bc7 35. a6 Bb6 36. a7 1-0

[Event "European Blitz 2017"]
[Site "Katowice POL"]
[Date "2017.12.15"]
[Round "1.96"]
[White "Saraci, Nderim"]
[Black "Trybus, Daniel"]
[Result "0-1"]
[WhiteTitle "FM"]
[WhiteElo "2398"]
[BlackElo "1718"]
[WhiteFideId "6351921"]
[BlackFideId "21816131"]
[EventDate "2017.12.15"]
[EventType "swiss"]

1. d4 Nf6 2. Bg5 Ne4 3. Bf4 c5 4. e3 Qb6 5. Nc3 Nxc3 6. bxc3 Qa5 7. Qd2 Nc6 8.
Nf3 e6 9. Be2 Be7 10. O-O O-O 11. Rfb1 cxd4 12. exd4 d6 13. Rb5 Qc7 14. c4 b6
15. c5 Ba6 16. cxd6 Bxd6 17. Bxd6 Qxd6 18. Rb3 Bxe2 19. Qxe2 Nxd4 20. Nxd4 Qxd4
21. Rd1 Qa4 22. Rh3 Rad8 23. Re1 Qxa2 24. Qe4 h6 25. Rg3 Qa5 26. h3 Qf5 27. Qa4
Rd2 28. Rf3 Qxc2 29. Qxa7 Rd1 30. Rxd1 Qxd1+ 31. Kh2 Qd6+ 32. Kg1 b5 33. Qb7 Qd5
34. Qxd5 exd5 35. Rb3 Rb8 36. Kf1 Kf8 37. Ke2 Ke7 38. Kd3 Kd6 39. Kd4 b4 40. Rg3
g6 41. Rb3 Rb7 42. g3 Kc6 43. Ke5 Kc5 44. Rb1 Re7+ 45. Kf6 Rd7 46. Rc1+ Kb5 47.
Rb1 d4 48. Ke5 d3 0-1

[Event "European Blitz 2017"]
[Site "Katowice POL"]
[Date "2017.12.15"]
[Round "1.97"]
[White "Kozubal, Aleksandra"]
[Black "Krause, Jonah"]
[Result "1-0"]
[BlackTitle "FM"]
[WhiteElo "1783"]
[BlackElo "2368"]
[WhiteFideId "1166573"]
[BlackFideId "12907910"]
[EventDate "2017.12.15"]
[EventType "swiss"]

1. d4 d5 2. c4 c6 3. Nf3 a6 4. e3 Nf6 5. Bd3 g6 6. O-O Bg7 7. Nc3 O-O 8. b3 dxc4
9. bxc4 Qc7 10. e4 Rd8 11. Bg5 h6 12. Bh4 b5 13. e5 Nh5 14. h3 Nf4 15. Bg3 Nxd3
16. Qxd3 Qd7 17. Ne4 Bb7 18. Nc5 Qc8 19. e6 bxc4 20. exf7+ Kxf7 21. Qxc4+ e6 22.
Rab1 1-0

[Event "European Blitz 2017"]
[Site "Katowice POL"]
[Date "2017.12.15"]
[Round "1.99"]
[White "Radecki, Adam"]
[Black "Rocha, Sergio"]
[Result "1-0"]
[BlackTitle "IM"]
[WhiteElo "1832"]
[BlackElo "2370"]
[WhiteFideId "1197347"]
[BlackFideId "1900404"]
[EventDate "2017.12.15"]
[EventType "swiss"]

1. Nf3 d5 2. c4 dxc4 3. Qa4+ c6 4. Qxc4 Nf6 5. g3 g6 6. Bg2 Bg7 7. O-O O-O 8.
Nc3 Be6 9. Qh4 Nbd7 10. d4 Nb6 11. Bh6 Nc4 12. Ng5 Nd6 13. e4 Qd7 14. Rad1 Rad8
15. h3 Qc8 16. f4 Nh5 17. Bxg7 Kxg7 18. g4 Bc4 19. gxh5 h6 20. Nf3 Bxf1 21. Rxf1
Qd7 22. Ne5 Qe6 23. Qg3 Qf6 24. Ne2 e6 25. b3 Kh7 26. Ng4 Qg7 27. Ne3 gxh5 28.
Qxg7+ Kxg7 29. Bf3 f5 30. e5 Nb5 31. Rd1 Rd7 32. a4 Nc7 33. Nc4 Rfd8 34. Kf2 Nd5
35. Bxd5 Rxd5 36. Nd6 c5 37. Ke3 cxd4+ 38. Nxd4 Rd7 39. Rg1+ Kh7 40. Nxe6 Re7
41. Nf8+ Kh8 42. Ng6+ Kh7 43. Nxe7 Rc5 44. Nexf5 Rc3+ 45. Kd4 Rxb3 46. Ne8 Rb4+
47. Kc5 Rxf4 48. Nf6+ Kh8 49. Rg8# 1-0

[Event "European Blitz 2017"]
[Site "Katowice POL"]
[Date "2017.12.15"]
[Round "1.100"]
[White "Kantans, Toms"]
[Black "Pekarek, Ales"]
[Result "0-1"]
[WhiteTitle "GM"]
[WhiteElo "2484"]
[BlackElo "1645"]
[WhiteFideId "11602945"]
[BlackFideId "366960"]
[EventDate "2017.12.15"]
[EventType "swiss"]

1. e4 c5 2. Nc3 Nc6 3. Bb5 Qc7 4. d3 g6 5. f4 Bg7 6. Nf3 e6 7. O-O Nge7 8. a3
O-O 9. h3 b6 10. Bc4 a6 11. g4 b5 12. Ba2 Bb7 13. Qe1 Nd4 14. Nxd4 cxd4 15. Ne2
Qxc2 16. Bb1 Qc7 17. b4 f5 18. Qh4 d6 19. Bb2 fxe4 20. dxe4 d3 21. Bxg7 dxe2 22.
Re1 Kxg7 23. Bd3 Rxf4 24. Rxe2 Raf8 25. g5 Rxh4 0-1

[Event "European Blitz 2017"]
[Site "Katowice POL"]
[Date "2017.12.15"]
[Round "2.1"]
[White "Fus, Jakub"]
[Black "Andriasian, Zaven"]
[Result "1/2-1/2"]
[BlackTitle "GM"]
[WhiteElo "2051"]
[BlackElo "2585"]
[WhiteFideId "1193023"]
[BlackFideId "13302000"]
[EventDate "2017.12.15"]
[EventType "blitz"]

1. d4 Nf6 2. c4 c5 3. d5 b5 4. cxb5 a6 5. e3 g6 6. Nc3 Bg7 7. a4 O-O 8. Nf3 d6
9. Ra3 Nbd7 10. e4 Ne8 11. bxa6 Nc7 12. Be2 Bxa6 13. O-O Rb8 14. Bxa6 Nxa6 15.
Qe2 Qa5 16. Nb5 Nc7 17. Bd2 Qa6 18. Bc3 Bxc3 19. Rxc3 Nxb5 20. axb5 Qxb5 21. Rc2
Qxe2 22. Rxe2 f6 23. Ra1 Rb7 24. g3 Rfb8 25. Ra2 Kf7 26. Rc2 Rb4 27. Nd2 Ne5 28.
Kf1 g5 29. h3 h5 30. Ke2 g4 31. hxg4 hxg4 32. Ke3 Rb3+ 33. Nxb3 Rxb3+ 34. Ke2
Nf3 35. Rc3 Nd4+ 36. Kd3 Rb8 37. Rc4 Nf3 38. Ke2 Ne5 39. Rc3 Rb4 40. Ke3 f5 41.
exf5 Kf6 42. b3 Kxf5 43. Ra4 Rb8 44. Rf4+ Kg5 45. Re4 Rb5 46. Ke2 Ra5 47. Ke3
Kf5 48. Rf4+ Kg6 49. Re4 Rb5 50. Ke2 Kf5 51. Rf4+ Kg5 52. Re4 Kf5 53. Rf4+ Kg5
54. Re4 Ra5 55. Ke3 Rb5 56. Ke2 Ra5 57. Ke3 Kf5 58. Rf4+ Kg5 59. Re4 Rb5 60. Ke2 1/2-1/2

[Event "European Blitz 2017"]
[Site "Katowice POL"]
[Date "2017.12.15"]
[Round "2.2"]
[White "Wojtaszek, Radoslaw"]
[Black "Drozdzynski, Daniel"]
[Result "1-0"]
[WhiteTitle "GM"]
[WhiteElo "2736"]
[BlackElo "1946"]
[WhiteFideId "1118358"]
[BlackFideId "1117920"]
[EventDate "2017.12.15"]
[EventType "blitz"]

1. e4 c6 2. d4 d5 3. Nc3 dxe4 4. Nxe4 Nf6 5. Nxf6+ exf6 6. c3 Bd6 7. Bd3 O-O 8.
Qc2 g6 9. Ne2 Re8 10. Be3 Be6 11. h4 f5 12. h5 Qf6 13. O-O-O Bxa2 14. hxg6 fxg6
15. Qd2 Bf7 16. Rdg1 Nd7 17. g4 fxg4 18. Rxg4 Qe6 19. Rgh4 Nf8 20. Bh6 Nd7 21.
Ng3 Qa2 22. Bb1 Qc4 23. Bf4 Bxf4 24. Qxf4 Nf8 25. Ne4 Re7 26. Nd6 Qe6 27. Bd3
Rd8 28. Ne4 Rd5 29. Nf6+ Kg7 30. Rxh7+ Nxh7 31. Rxh7+ Kf8 32. Qh6# 1-0

[Event "European Blitz 2017"]
[Site "Katowice POL"]
[Date "2017.12.15"]
[Round "2.3"]
[White "Fraczek, Weronika"]
[Black "Navara, David"]
[Result "0-1"]
[BlackTitle "GM"]
[WhiteElo "1848"]
[BlackElo "2740"]
[WhiteFideId "1161806"]
[BlackFideId "309095"]
[EventDate "2017.12.15"]
[EventType "blitz"]

1. e4 c5 2. Nf3 d6 3. d4 cxd4 4. Nxd4 Nf6 5. Nc3 a6 6. g3 g6 7. Bg2 Bg7 8. O-O
O-O 9. h3 Nc6 10. Nde2 Rb8 11. g4 b5 12. Ng3 b4 13. Nce2 a5 14. c3 Ba6 15. Re1
Nd7 16. Nd4 Nce5 17. cxb4 Nd3 18. Nc6 Qb6 19. Nxe7+ Kh8 20. Be3 Qxb4 21. Nc6
Qxe1+ 22. Qxe1 Nxe1 23. Nxb8 Rxb8 24. Rxe1 Ne5 25. b3 Nd3 26. Rd1 Be5 27. Bf1
Nb4 28. Bxa6 Nxa6 29. f4 Bg7 30. Rxd6 Nb4 31. Rb6 Rd8 32. e5 Nd5 33. Rd6 Rxd6
34. exd6 Nxe3 35. Ne4 Bd4 36. Kh1 Kg7 37. d7 Bb6 38. Nd6 Kf6 39. Nc4 Nxc4 40.
bxc4 Ke7 41. Kg2 Kxd7 42. Kf3 f5 43. gxf5 gxf5 44. Ke2 Kc6 45. Kd3 Kc5 0-1

[Event "European Blitz 2017"]
[Site "Katowice POL"]
[Date "2017.12.15"]
[Round "2.5"]
[White "Aira, Leonardo"]
[Black "McShane, Luke J"]
[Result "0-1"]
[BlackTitle "GM"]
[WhiteElo "1942"]
[BlackElo "2640"]
[WhiteFideId "1721097"]
[BlackFideId "404853"]
[EventDate "2017.12.15"]
[EventType "blitz"]

1. e4 e5 2. f4 exf4 3. Bc4 d6 4. Nc3 h6 5. d4 Qh4+ 6. Kf1 Be6 7. Bb3 Nd7 8. Nf3
Qh5 9. Bxf4 Be7 10. e5 g5 11. Bg3 g4 12. Ne1 dxe5 13. dxe5 Qf5+ 14. Kg1 Bc5+ 0-1

[Event "European Blitz 2017"]
[Site "Katowice POL"]
[Date "2017.12.15"]
[Round "2.7"]
[White "Mochalin, Faddey"]
[Black "Saric, Ivan"]
[Result "0-1"]
[BlackTitle "GM"]
[WhiteElo "2079"]
[BlackElo "2669"]
[WhiteFideId "34147290"]
[BlackFideId "14508150"]
[EventDate "2017.12.15"]
[EventType "blitz"]

1. d4 Nf6 2. c4 g6 3. Nc3 Bg7 4. e4 d6 5. Nf3 O-O 6. Be2 Na6 7. O-O e5 8. d5 Nc5
9. Qc2 a5 10. b3 Bd7 11. Re1 c6 12. Bf1 Qb8 13. h3 cxd5 14. Nxd5 Nxd5 15. cxd5
f5 16. Nd2 Qa7 17. Re2 Rac8 18. Qd1 fxe4 19. Nc4 Bb5 20. Be3 Bxc4 21. bxc4 a4
22. Rb1 Qa6 23. Reb2 Nd3 24. Bxd3 exd3 25. Qxd3 Rxc4 26. Kh2 e4 27. Qd2 Be5+ 28.
g3 Bxb2 29. Qxb2 Rf7 30. Kg2 Qa5 31. Rd1 Qc3 32. Qb5 Rc8 33. Qxa4 Qc2 34. Qd4
Rc4 35. Qd2 0-1

[Event "European Blitz 2017"]
[Site "Katowice POL"]
[Date "2017.12.15"]
[Round "2.8"]
[White "Ragger, Markus"]
[Black "Parhomenko, Margarita"]
[Result "1-0"]
[WhiteTitle "GM"]
[WhiteElo "2657"]
[BlackElo "1854"]
[WhiteFideId "1610856"]
[BlackFideId "11603216"]
[EventDate "2017.12.15"]
[EventType "blitz"]

1. e4 d5 2. exd5 Qxd5 3. Nc3 Qa5 4. g3 Nf6 5. Bg2 c6 6. Nf3 Bg4 7. h3 Bh5 8. O-O
e6 9. d3 Bd6 10. Ne2 Nd5 11. c4 Nf6 12. Nf4 Bg6 13. Qb3 Qc7 14. Re1 Nbd7 15. d4
O-O 16. Nxg6 hxg6 17. Be3 e5 18. c5 Be7 19. dxe5 Nxe5 20. Bf4 Nxf3+ 21. Bxf3 Qd7
22. Rad1 Qxh3 23. Rxe7 Rae8 24. Rde1 Ng4 25. Bxg4 Qxg4 26. Rxe8 1-0

[Event "European Blitz 2017"]
[Site "Katowice POL"]
[Date "2017.12.15"]
[Round "2.9"]
[White "Andrzejewska, Anna"]
[Black "Brunello, Sabino"]
[Result "0-1"]
[BlackTitle "GM"]
[WhiteElo "2004"]
[BlackElo "2553"]
[WhiteFideId "1127284"]
[BlackFideId "813613"]
[EventDate "2017.12.15"]
[EventType "blitz"]

1. e4 e5 2. Nf3 Nc6 3. d4 exd4 4. Bc4 Bc5 5. O-O d6 6. Bg5 Nge7 7. c3 d3 8. Qxd3
h6 9. Bh4 O-O 10. b4 Bb6 11. Nbd2 Qe8 12. a4 a6 13. a5 Ba7 14. Nb3 Ng6 15. Bg3
Nce5 16. Nxe5 Nxe5 17. Bxe5 Qxe5 18. Nd4 Re8 19. Rae1 c5 20. Nf3 Qf6 21. Bd5
cxb4 22. cxb4 Re7 23. Rc1 Be6 24. Nd2 Rae8 25. Nc4 Bxd5 26. Qxd5 Rxe4 27. Qxb7
Bxf2+ 28. Kh1 Qh4 29. Nxd6 Qxh2+ 0-1

[Event "European Blitz 2017"]
[Site "Katowice POL"]
[Date "2017.12.15"]
[Round "2.11"]
[White "Lach, Mateusz"]
[Black "Kovalenko, Igor"]
[Result "0-1"]
[BlackTitle "GM"]
[WhiteElo "1604"]
[BlackElo "2639"]
[WhiteFideId "21826692"]
[BlackFideId "14117908"]
[EventDate "2017.12.15"]
[EventType "blitz"]

1. d4 Nf6 2. c4 e6 3. e3 b6 4. Nc3 Bb7 5. a3 a6 6. b4 d5 7. c5 Be7 8. f4 O-O 9.
Bd3 Ne4 10. Bxe4 dxe4 11. Nge2 a5 12. Bd2 Bd5 13. Nxd5 exd5 14. O-O axb4 15.
axb4 Rxa1 16. Qxa1 b5 17. Nc3 c6 18. Qb2 Nd7 19. Ra1 Qc7 20. Ra3 Rc8 21. Qa1 Nf6
22. Ra7 Qd8 23. Qa5 h5 24. Qxd8+ Bxd8 25. h3 Kf8 26. Na2 h4 27. Nc1 Ke8 28. Nb3
Ng8 29. Be1 Nh6 30. Bf2 Nf5 31. Kf1 Bc7 32. Ke2 Kd8 33. Ra6 Kd7 34. Ra7 Rg8 35.
Na5 f6 36. Ra6 Bxa5 37. Rxa5 g5 38. Ra7+ Ke6 39. Rc7 Ne7 40. g4 Ra8 41. f5+ Kf7
42. Bg1 Ra1 43. Kf2 Ra2+ 44. Kf1 Ke8 45. Bf2 Kd8 46. Rb7 Rb2 47. Bxh4 gxh4 48.
g5 Nxf5 49. gxf6 Ke8 50. Rc7 Nxe3+ 51. Kg1 Rg2+ 52. Kh1 Rg5 53. Rxc6 Nf5 54. Rb6
Nxd4 55. Rxb5 Nf3 56. Rb8+ Kf7 0-1

[Event "European Blitz 2017"]
[Site "Katowice POL"]
[Date "2017.12.15"]
[Round "2.12"]
[White "Buhmann, Rainer"]
[Black "Goreczny, Tomasz"]
[Result "1-0"]
[WhiteTitle "GM"]
[WhiteElo "2584"]
[BlackElo "1705"]
[WhiteFideId "4651340"]
[BlackFideId "1185845"]
[EventDate "2017.12.15"]
[EventType "blitz"]

1. d4 e6 2. c4 f5 3. Nf3 Nf6 4. g3 d5 5. Bg2 c6 6. Bf4 Bd6 7. Bxd6 Qxd6 8. O-O
O-O 9. Qc2 Nbd7 10. Nbd2 Ne4 11. e3 Ndf6 12. Ne5 Nxd2 13. Qxd2 Ne4 14. Qc2 Bd7
15. b4 Be8 16. Rab1 Bh5 17. c5 Qe7 18. b5 cxb5 19. Rxb5 Rac8 20. Qb2 Rc7 21. Rb1
Rb8 22. Ra5 g5 23. Rxa7 f4 24. c6 b6 25. Rxc7 Qxc7 26. Nd7 fxe3 27. fxe3 Re8 28.
Bxe4 dxe4 29. Nf6+ 1-0

[Event "European Blitz 2017"]
[Site "Katowice POL"]
[Date "2017.12.15"]
[Round "2.13"]
[White "Kozlowski, Marcin"]
[Black "Georgiev, Kiril"]
[Result "0-1"]
[BlackTitle "GM"]
[WhiteElo "1727"]
[BlackElo "2623"]
[WhiteFideId "1157116"]
[BlackFideId "2900017"]
[EventDate "2017.12.15"]
[EventType "blitz"]

1. e4 c5 2. Nf3 d6 3. d4 cxd4 4. Qxd4 Nc6 5. Bb5 Bd7 6. Qd3 Nf6 7. c4 a6 8. Ba4
e6 9. Nc3 Be7 10. O-O O-O 11. Bf4 Nb4 12. Qe2 Bxa4 13. Nxa4 Qa5 14. Nc3 Rfd8 15.
a3 Nc6 16. Rac1 Rac8 17. Rfd1 h6 18. h3 Qh5 19. Qe1 Qg6 20. e5 dxe5 21. Nxe5 Qf5
22. Nxc6 Rxc6 23. Rxd8+ Bxd8 24. Ne2 Rc8 25. Bg3 Ne4 26. Nd4 Qg6 27. Nf3 Nxg3
28. fxg3 Bc7 29. g4 Rd8 30. Rd1 Qc2 31. Rxd8+ Bxd8 32. Qd2 Bb6+ 33. Kf1 Qxc4+ 0-1

[Event "European Blitz 2017"]
[Site "Katowice POL"]
[Date "2017.12.15"]
[Round "2.16"]
[White "Saric, Ante"]
[Black "Morozli, Grigorijs"]
[Result "1-0"]
[WhiteTitle "GM"]
[WhiteElo "2540"]
[BlackElo "1823"]
[WhiteFideId "14506254"]
[BlackFideId "11604506"]
[EventDate "2017.12.15"]
[EventType "swiss"]

1. Nf3 Nf6 2. g3 g6 3. b3 Bg7 4. Bb2 O-O 5. Bg2 d6 6. d4 Nbd7 7. c4 c6 8. O-O
Qc7 9. Nc3 Re8 10. d5 a5 11. Rc1 Nc5 12. Nd4 Bd7 13. e4 Ng4 14. Rc2 Ne5 15. Rd2
Qb6 16. h3 g5 17. Kh2 g4 18. f4 gxf3 19. Nxf3 Nxf3+ 20. Qxf3 Rf8 21. Nd1 f6 22.
Bc3 Na6 23. Ne3 Nc7 24. h4 cxd5 25. exd5 a4 26. b4 Rae8 27. Bh3 Bxh3 28. Kxh3
Kh8 29. Nf5 Rg8 30. Re2 Bf8 31. Rfe1 1-0

[Event "European Blitz 2017"]
[Site "Katowice POL"]
[Date "2017.12.15"]
[Round "2.17"]
[White "Bartkiewicz, Pawel"]
[Black "Rodshtein, Maxim"]
[Result "0-1"]
[BlackTitle "GM"]
[WhiteElo "1835"]
[BlackElo "2699"]
[WhiteFideId "21849498"]
[BlackFideId "2806851"]
[EventDate "2017.12.15"]
[EventType "blitz"]

1. e4 c5 2. Nc3 e6 3. g3 a6 4. Bg2 Nc6 5. d3 Bd6 6. Nge2 Nge7 7. f4 Bc7 8. O-O
O-O 9. f5 f6 10. fxe6 dxe6 11. Bf4 Be5 12. Qd2 Qd6 13. Bxe5 Nxe5 14. Rad1 N7c6
15. Qf4 Bd7 16. Qh4 Nd4 17. Nxd4 cxd4 18. Ne2 Rac8 19. Rd2 Qb6 20. Nf4 Qxb2 21.
Nh5 Rxc2 22. Rxc2 Qxc2 23. h3 Qxd3 24. Rf4 Qd1+ 25. Kh2 Ng6 26. Qg4 Qxg4 27.
Rxg4 e5 0-1

[Event "European Blitz 2017"]
[Site "Katowice POL"]
[Date "2017.12.15"]
[Round "2.18"]
[White "Mastrovasilis, Dimitrios"]
[Black "Stepan, Patrik"]
[Result "1-0"]
[WhiteTitle "GM"]
[WhiteElo "2582"]
[BlackElo "2220"]
[WhiteFideId "4202694"]
[BlackFideId "358444"]
[EventDate "2017.12.15"]
[EventType "blitz"]

1. e4 c5 2. Nf3 d6 3. d4 cxd4 4. Nxd4 Nf6 5. f3 e5 6. Nb3 d5 7. Bg5 Be6 8. Bxf6
gxf6 9. exd5 Qxd5 10. Qxd5 Bxd5 11. Nc3 Be6 12. O-O-O Nc6 13. Nd5 Bxd5 14. Rxd5
Rd8 15. Rxd8+ Kxd8 16. Bd3 Kc7 17. c3 Bd6 18. Rd1 Ne7 19. Na5 f5 20. Bc4 b6 21.
Nb7 Kxb7 22. Rxd6 Ng6 23. Rf6 Rc8 24. Rxf7+ Rc7 25. Bd5+ Kc8 26. Be6+ Kb7 27.
Rxc7+ Kxc7 28. Bxf5 Nf4 29. g3 1-0

[Event "European Blitz 2017"]
[Site "Katowice POL"]
[Date "2017.12.15"]
[Round "2.19"]
[White "Ocko, Dominik"]
[Black "Fressinet, Laurent"]
[Result "0-1"]
[BlackTitle "GM"]
[WhiteElo "1913"]
[BlackElo "2662"]
[WhiteFideId "371963"]
[BlackFideId "608742"]
[EventDate "2017.12.15"]
[EventType "blitz"]

1. Nf3 Nf6 2. e3 g6 3. c4 Bg7 4. Nc3 O-O 5. b3 d6 6. Bb2 e5 7. Qc2 Nc6 8. Be2
Re8 9. d3 Bf5 10. e4 Bg4 11. Nd5 Nd7 12. h3 Bxf3 13. Bxf3 Nd4 14. Bxd4 exd4 15.
O-O Bh6 16. Qb2 c6 17. Nb4 Bg7 18. Be2 Nc5 19. Nc2 Nxe4 20. Bf3 Ng5 21. Ne1 Qf6
22. Qd2 Re7 23. Bg4 h5 24. Bd1 Bh6 25. f4 Ne6 26. g3 Ng7 27. Nf3 Re3 28. Bc2
Rae8 0-1

[Event "European Blitz 2017"]
[Site "Katowice POL"]
[Date "2017.12.15"]
[Round "2.21"]
[White "Dytman, Radoslaw"]
[Black "Michalik, Peter"]
[Result "0-1"]
[BlackTitle "GM"]
[WhiteElo "1667"]
[BlackElo "2557"]
[WhiteFideId "1194445"]
[BlackFideId "14907526"]
[EventDate "2017.12.15"]
[EventType "blitz"]

1. e4 c6 2. d4 d5 3. Nc3 dxe4 4. Nxe4 Bf5 5. Ng3 Bg6 6. h4 h6 7. Nf3 e6 8. h5
Bh7 9. Bd3 Bxd3 10. Qxd3 Nf6 11. Bf4 Qa5+ 12. Bd2 Qa6 13. Ne5 Qxd3 14. Nxd3 Nbd7
15. O-O-O Bd6 16. f4 O-O 17. Ne2 Rfd8 18. Rdg1 Ng4 19. Rh4 f5 20. c4 c5 21. Bc3
Rac8 22. b3 b5 23. Ne5 bxc4 24. Ba5 Bc7 25. Bxc7 Rxc7 26. Nxg4 fxg4 27. Rxg4 Nf6
28. Rh4 cxb3 29. axb3 cxd4+ 30. Kb2 d3 31. Nc3 Rdc8 32. Rc1 d2 33. Rd1 Rxc3 34.
Rxd2 Rg3 35. Rd6 Rb8 36. Rxe6 Rbxb3+ 37. Kc2 Ra3 38. Rh1 Rxg2+ 39. Kb1 Rb3+ 40.
Kc1 Rb6 41. Re7 Ra6 42. Kb1 Nd5 43. Re8+ Kf7 44. Rhe1 Nc3+ 0-1

[Event "European Blitz 2017"]
[Site "Katowice POL"]
[Date "2017.12.15"]
[Round "2.22"]
[White "Bartel, Mateusz"]
[Black "Skurniak, Szymon"]
[Result "1-0"]
[WhiteTitle "GM"]
[WhiteElo "2609"]
[BlackElo "1782"]
[WhiteFideId "1112635"]
[BlackFideId "21805571"]
[EventDate "2017.12.15"]
[EventType "blitz"]

1. e4 c5 2. Ne2 Nc6 3. g3 g6 4. Bg2 Bg7 5. c3 e6 6. d4 cxd4 7. cxd4 Nge7 8. Nbc3
d6 9. Bg5 Qb6 10. d5 h6 11. Be3 Qxb2 12. Rc1 Ne5 13. O-O O-O 14. dxe6 Bxe6 15.
Qxd6 N7c6 16. Rb1 Qc2 17. Rfc1 Qd3 18. Qc7 Ng4 19. Nf4 Qa6 20. Bf1 Qa3 21. Nxe6
Nxe3 22. Nxg7 Kxg7 23. fxe3 Qc5 24. Nd5 Qa5 25. Rxc6 Qxc7 26. Rxc7 b6 27. Ba6
Rae8 28. Bd3 Re5 29. Rxa7 Rd8 30. Rxb6 Rexd5 31. exd5 Rxd5 32. Rxf7+ Kxf7 33.
Bc4 Ke7 34. Bxd5 1-0

[Event "European Blitz 2017"]
[Site "Katowice POL"]
[Date "2017.12.15"]
[Round "2.25"]
[White "Gordievich, Larisa"]
[Black "Demidov, Mikhail"]
[Result "0-1"]
[BlackTitle "IM"]
[WhiteElo "1771"]
[BlackElo "2523"]
[WhiteFideId "11603224"]
[BlackFideId "4197143"]
[EventDate "2017.12.15"]
[EventType "swiss"]

1. Nf3 d5 2. c4 d4 3. d3 Nc6 4. g3 e5 5. Bg2 Bb4+ 6. Bd2 a5 7. a3 Bc5 8. O-O h6
9. Bc1 Nf6 10. Nbd2 O-O 11. Ne1 Re8 12. Ne4 Nxe4 13. Bxe4 Bh3 14. Bg2 Bxg2 15.
Nxg2 Qd7 16. Qb3 b6 17. Bd2 e4 18. Rfe1 e3 19. fxe3 dxe3 20. Bc3 Bd4 21. Nf4 Re5
22. Rf1 Rae8 23. Nd5 Rg5 24. Rf4 Bxc3 25. Qxc3 Qh3 26. Raf1 Ree5 27. R1f3 h5 28.
Rxf7 h4 29. Nf4 Qc8 30. Ng6 Rxg6 31. d4 Reg5 32. Qxe3 hxg3 33. hxg3 Qd8 34. Qf2
Qxd4 35. Rf8+ Kh7 36. e3 Qxc4 37. Qh2+ Rh6 38. Qf2 Ne5 39. R3f4 Qc1+ 40. Kg2
Qh1# 0-1

[Event "European Blitz 2017"]
[Site "Katowice POL"]
[Date "2017.12.15"]
[Round "2.26"]
[White "Hracek, Zbynek"]
[Black "Tonkoshkur, Daniil"]
[Result "1-0"]
[WhiteTitle "GM"]
[WhiteElo "2592"]
[BlackElo "1832"]
[WhiteFideId "300071"]
[BlackFideId "4146310"]
[EventDate "2017.12.15"]
[EventType "blitz"]

1. c4 Nf6 2. g3 g6 3. Bg2 c6 4. e4 d6 5. Nc3 e5 6. Nge2 Bg7 7. d4 exd4 8. Nxd4
O-O 9. O-O a5 10. b3 Na6 11. Bf4 Nc5 12. Nde2 Re8 13. f3 Bf8 14. Qd2 Nh5 15. Be3
Ne6 16. Rad1 Qc7 17. f4 Nf6 18. f5 Nc5 19. fxg6 Nfxe4 20. Nxe4 Nxe4 21. Bxe4
Rxe4 22. gxf7+ Kg7 23. Bh6+ Kh8 24. Bxf8 Qb6+ 25. Kg2 Bg4 26. Nc3 Re3 27. Bh6 1-0